Najszybciej wyludniające się miasta w Polsce. - Statystyki

Ogólne statystyki
  • Ten quiz został rozwiązany 46 razy
  • Średni wynik to 4 z 20
Statystyki odpowiedzi
Lp. Zmiana (%) Ludność Województwo Miasto % Poprawnych
20 -14,2% 165 263 Śląskie Bytom
68%
5 -24,0% 3 261 Pomorskie Hel
43%
1 -32,4% 9 931 Pomorskie Władysławowo
39%
2 -31,2% 2 708 Pomorskie Jastarnia
30%
18 -14,6% 18 820 Lubelskie Łęczna
27%
12 -16,2% 8 603 Opolskie Ozimek
23%
7 -18,7% 7 107 Opolskie Zawadzkie
20%
19 -14,4% 2 920 Opolskie Baborów
18%
9 -16,8% 1 240 Podlaskie Kleszczele
16%
10 -16,8% 16 058 Lubelskie Dęblin
14%
14 -16,0% 11 449 Opolskie Zdzieszowice
14%
3 -30,8% 2 530 Lubelskie Kazimierz Dolny
11%
16 -15,6% 3 753 Lubelskie Nałęczów
9%
13 -16,0% 3 690 Opolskie Dobrodzień
7%
6 -20,1% 897 Świętokrzyskie Działoszyce
7%
11 -16,3% 1 615 Podlaskie Jedwabne
7%
4 -25,7% 7 095 Dolnośląskie Pieszyce
7%
17 -15,3% 3 940 Warmińsko-Mazurskie Górowo Iławieckie
5%
15 -15,7% 3 000 Lubuskie Gozdnica
5%
8 -17,1% 3 589 Śląskie Toszek
5%
Nie znaleziono quizów pasujących do podanych kryteriów
Rozkład punktacji
Procent ludzi z każdym wynikiem
Percentyl według liczby udzielonych odpowiedzi
Twoja historia wyników
Nie rozwiązałeś tego quizu